000 00942nam a22002891a 4500
001 4981352
005 20110718132934.0
008 060525s2006 sa a b 000 0 eng d
020 _a0620362553
020 _a0620362553
035 _a(OCoLC)69356643
035 _a(OCoLC)ocm69356643
040 _aESR
_cESR
_dKKU
049 _aKKUA
090 _aTK9152
_b.N784 2006
245 0 0 _aNuclear power :
_bmyth and reality : the risks and prospects of nuclear power.
_c(Heinrich Boll Stiftung
_h[Text]
260 _aSaxonwold, South Africa
_bHeinrich Böll Foundation
_cc2006
300 _a355 p. :
_bill. ;
_c21 cm.
504 _aIncludes bibliographical references.
650 0 _aNuclear power plants
_xEvaluation.
650 0 _aNuclear energy
_xEvaluation.
650 0 _aNuclear energy
_xSafety measures.
650 0 _aNuclear power plants
_xSafety measures.
710 2 _aHeinrich-Böll-Stiftung.
947 _arep
994 _a02
_bKKU
999 _c39248
_d39248